Garis panduan jalan hutan 2010

Bibliographic Details
Corporate Author: MALAYSIA
Format: Book
Published: Kuala Lumpur : Ibu Pejabat Perhutanan Semenanjung Malaysia , 2010
Subjects:

MARC

LEADER 00000cam a2200000 7i4500
001 0000004033
005 20150108.0
090 0 0 |a JPSM634.92   |b MAL 2010 
110 1 0 |a MALAYSIA   |c Ibu Pejabat Perhutanan Semenanjung Malaysia 
245 1 0 |a Garis panduan jalan hutan 2010 
260 0 0 |a Kuala Lumpur :   |b Ibu Pejabat Perhutanan Semenanjung Malaysia ,   |c 2010 
300 |a xi, 113 p. :   |b ill.col. ;   |c 29 cm. 
650 0 0 |a Forest management 
998 |a JPSM 
999 |a 007788   |b Monograph   |c Open Shelf   |e Default branch